Countries and Empires that ruled China - Statistics

General Stats
  • This quiz has been taken 41 times
  • The average score is 14 of 68
Answer Stats
Reign Country / Empire % Correct
1046 BC – 221 BC Qi
94%
907 AD – 924 AD Qi
94%
351 AD – 394 AD Qin
94%
1949 - present People's Republic of China
71%
1368 – 1644 Ming dynasty
69%
1912 – 1949 Republic of China
69%
403 BC – 230 BC Han
66%
1100 BC – 286 BC Song
54%
420 AD – 479 AD Song
54%
557 AD – 589 AD Chen
49%
1000 BC – 369 BC Jin
46%
1271 – 1368 Yuan dynasty
43%
1206 – 1294 Mongol Empire
34%
618 AD – 907 AD Tang dynasty
34%
220 AD – 266 AD Wei
31%
1644 – 1912 Qing Empire
26%
2070 BC – 1600 BC Xia dynasty
26%
1046 BC – 256 BC Zhou dynasty
26%
1600 BC – 1046 BC Shang dynasty
23%
618 AD – 848 AD Tibetan Empire
23%
337 AD – 370 AD Yan
23%
319 AD – 351 AD Zhao
20%
910 AD – 921 AD Zhao
20%
202 BC – 9 AD Han dynasty
17%
25 AD – 220 AD Han dynasty
17%
896 AD – 947 AD Jin dynasty
17%
1115 – 1234 Jin dynasty
17%
907 AD – 923 AD Liang
17%
220 BC – 46 AD Xiongnu
17%
386 AD – 535 AD Northern Wei
14%
907 AD – 978 AD Wuyue
14%
900 BC – 206 BC Qin dynasty
11%
960 AD – 1279 CE Song dynasty
11%
581 AD – 618 AD Sui dynasty
11%
300 BC – 300 AD Xianbei
11%
9 AD – 23 AD Xin dynasty
11%
552 AD – 603 AD Göktürk Khaganate
9%
916 AD – 1125 CE Khitan Empire
9%
330 AD – 555 AD Rouran Khaganate
9%
479 AD – 502 AD Southern Qi
9%
1038 – 1227 Tangut Empire
9%
937 AD – 1253 CE Dali Kingdom
6%
304 AD – 329 AD Han-Zhao
6%
440 AD – 560 AD Hephthalites
6%
204 BC – 111 BC Nanyue
6%
738 AD – 902 AD Nanzhao
6%
2852 BC – 2206 BC Three Sovereigns and five Emperors
6%
744 AD – 840 AD Uyghur Khaganate
6%
310 AD – 376 AD Dai
3%
279 BC – 109 BC Dian Kingdom
3%
603 AD – 650 AD Eastern Turkic Khaganate
3%
894 AD – 1036 CE Ganzhou Uyghur Kingdom
3%
266 AD – 420 AD Jin Empire
3%
502 AD – 557 AD Liang dynasty
3%
1124 – 1218 Qara Khitai
3%
800 BC Qiang
3%
843 AD – 1400 CE Qocho Kingdom
3%
1000 BC – 500 BC Sakas
3%
682 AD – 744 AD Second Turkic Khaganate
3%
403 BC – 266 AD State of Wei
3%
403 BC – 222 BC State of Zhao
3%
1643 – 1647 Xi dynasty
3%
911 AD – 914 AD Yan dynasty
3%
539 AD – 1207 CE Yenisei Kyrgyz Khaganate
3%
100 AD – 1200 CE Yuezhi
3%
800 BC – 150 BC Ordos culture
0%
1644 – 1646 Shin dynasty
0%
628 AD – 723 AD Xueyantao
0%
No matching quizzes found
Score Distribution
Percent of People with Each Score
Percentile by Number Answered
Your Score History
You have not taken this quiz